Normal view
MARC view
- الجسر، حسين ، تقديم وتحقيق: خالد زيادة
Entry Personal Name
001 - CONTROL NUMBER
- control field: 8630
003 - CONTROL NUMBER IDENTIFIER
- control field: JO-AjAnu
005 - DATE AND TIME OF LATEST TRANSACTION
- control field: 20230606071706.0
008 - FIXED-LENGTH DATA ELEMENTS
- fixed length control field: 230606|| aca||aabn | a|a d
040 ## - CATALOGING SOURCE
- Original cataloging agency: JO-AjAnu
- Transcribing agency: JO-AjAnu
100 ## - HEADING--PERSONAL NAME
- Personal name: الجسر، حسين ، تقديم وتحقيق: خالد زيادة
670 ## - SOURCE DATA FOUND
- Source citation: Work cat.: (JO-AjAnu)4455: الجسر، حسين ، تقديم وتحقيق: خالد زيادة, author, الرسالة الحميدية في حقيقة الديانة الإسلامية وحقية الشريعة المحمدية